000
00207 a2200097 4500
001
42757
100
_a
Bodkim
245
_a
The Approach to Paintings
260
_a
London
_b
Collins
_c
090
_c
26648
_d
26648
942
_a
NUST-CAE
_c
M
_c
18500
999
_c
277830
_d
277830